00000000nam##2200000za#4500
0019.643382
003CaOODSP
00520210624224137
007cr |||||||||||
008150407|1971||||xxc|||||o    f|0| 0 fre|d
040 |aCaOODSP|bfre
043 |an-cn---
0861 |aA43-1431/1971F-PDF
1101 |aCanada.|bAgriculture Canada. |bDirection générale de recherche.
24510|aPorte-greffes hybrides pour les pommiers / |h[ressource électronique]|c[par] Lloyd P.S. Spangelo.
260 |aOttawa - Ontario : |bAgriculture Canada. |c1971.
300 |a8p.|btableau
500 |aPublication historique numérisée par Agriculture et Agroalimentaire Canada.
590 |a14-11-Supp|b2014-05-21
69107|aPomme|2gcpds
69107|aCultures fruitières|2gcpds
77508|tHybrid seedling rootstocks for apples / |w(CaOODSP)9.699393
85640|ahttp://publications.gc.ca|qPDF|s327 Ko|uhttps://publications.gc.ca/collections/collection_2014/aac-aafc/agrhist/A43-1431-1971-fra.pdf
986 |a1431